Técnicas avanzadas de rotulador
Saved in:
| Main Authors: | , |
|---|---|
| Format: | Bog |
| Sprog: | spansk |
| Udgivet: |
Madrid
Tursen
1993
|
| Fag: | |
| Tags: |
Tilføj Tag
Ingen Tags, Vær først til at tagge denne postø!
|
MARC
| LEADER | 00000cam a2200000 a 4500 | ||
|---|---|---|---|
| 001 | UCG8802 | ||
| 003 | CL-VaPUC | ||
| 008 | 111229e19930000SP |||||||||||||||||spa|d | ||
| 020 | |a 848775628X | ||
| 082 | 0 | 4 | |a 741.26 |b POW |2 21 |
| 100 | 0 | |a Powell, Dick |e author |9 559975 | |
| 700 | 0 | |a Monahan, Patricia |e author |9 559976 | |
| 245 | 1 | 0 | |a Técnicas avanzadas de rotulador |
| 300 | |a 160 p | ||
| 942 | |c BK | ||
| 945 | |d 20111229 00:00:00 |a dcastane | ||
| 260 | |a Madrid |b Tursen |c 1993 | ||
| 650 | 7 | |a MARCADORES |2 CL-VaPUC |9 559977 | |
| 650 | 7 | |a ROTULADORES |2 CL-VaPUC |9 559978 | |
| 650 | 0 | |a Técnicas de dibujo |9 559979 | |
| 650 | 0 | |a Diseño gráfico |9 266874 | |
| 583 | |a last modification |c 20111229 10:48:00 |k Rodrigo Vera | ||
| 999 | |c 346395 |d 346393 | ||
| 952 | |0 0 |1 0 |4 0 |6 741_260000000000000_POW_1993 |7 0 |8 A |9 447078 |a BIBARQ |b BIBARQ |d 2019-11-22 |i 4818482 |o 741.26 POW 1993 |p 4818482 |r 2025-01-20 |w 2019-11-22 |y BK |k ARQ | ||